Prana And Pranayama (Record no. 11766)

MARC details
000 -LEADER
fixed length control field 00372nam a2200145Ia 4500
008 - FIXED-LENGTH DATA ELEMENTS--GENERAL INFORMATION
fixed length control field 220613s9999||||xx |||||||||||||| ||und||
020 ## - INTERNATIONAL STANDARD BOOK NUMBER
International Standard Book Number+Amount 9788186336973
100 ## - MAIN ENTRY--PERSONAL NAME
Author Name Sraswati Niranjanananda Swami
245 #0 - TITLE STATEMENT
Title Prana And Pranayama
250 ## - EDITION STATEMENT
Edition 1st(2009) reprint 2016
260 ## - PUBLICATION, DISTRIBUTION, ETC. (IMPRINT)
Name of publisher Bihar Yoga Publications Trust Munger
300 ## - PHYSICAL DESCRIPTION
Page No 362
650 ## - SUBJECT ADDED ENTRY--TOPICAL TERM
Subject yoga
942 ## - ADDED ENTRY ELEMENTS (KOHA)
Koha item type GB
Holdings
Withdrawn status Lost status Source of classification or shelving scheme Damaged status Not for loan Home library Current library Date acquired Total Checkouts Barcode Date last seen Price effective from Koha item type
    Dewey Decimal Classification     SRHU Library System School of Yoga Sciences 18/01/2025   CL0023930 18/01/2025 18/01/2025 Yoga Science
    Dewey Decimal Classification     SRHU Library System School of Yoga Sciences 18/01/2025   CL0023931 18/01/2025 18/01/2025 Yoga Science
    Dewey Decimal Classification     SRHU Library System School of Yoga Sciences 18/01/2025   CL0023932 18/01/2025 18/01/2025 Yoga Science
    Dewey Decimal Classification     SRHU Library System School of Yoga Sciences 18/01/2025   CL0023933 18/01/2025 18/01/2025 Yoga Science
    Dewey Decimal Classification     SRHU Library System School of Yoga Sciences 18/01/2025   CL0023934 18/01/2025 18/01/2025 Yoga Science
    Dewey Decimal Classification     SRHU Library System School of Yoga Sciences 18/01/2025   CL0023935 18/01/2025 18/01/2025 Yoga Science
    Dewey Decimal Classification     SRHU Library System School of Yoga Sciences 18/01/2025   CL0023936 18/01/2025 18/01/2025 Yoga Science
    Dewey Decimal Classification     SRHU Library System School of Yoga Sciences 18/01/2025   CL0023937 18/01/2025 18/01/2025 Yoga Science
    Dewey Decimal Classification     SRHU Library System School of Yoga Sciences 18/01/2025   CL0023938 18/01/2025 18/01/2025 Yoga Science
Designed & Maintained by: SRHU Library System
Central Library, Contact: